|
|
|
|
| LEADER |
01939nam a2200457 a 4500 |
| 001 |
EBC408412 |
| 003 |
MiAaPQ |
| 005 |
20200520144314.0 |
| 006 |
m o d | |
| 007 |
cr cn||||||||| |
| 008 |
790426s1980 ilu sb 101 0 eng d |
| 010 |
|
|
|z 79012569
|
| 020 |
|
|
|z 0226180263
|
| 020 |
|
|
|z 0226180271
|
| 020 |
|
|
|z 9780226180274
|
| 020 |
|
|
|z 9780226180250
|
| 035 |
|
|
|a (MiAaPQ)EBC408412
|
| 035 |
|
|
|a (Au-PeEL)EBL408412
|
| 035 |
|
|
|a (CaPaEBR)ebr10209998
|
| 035 |
|
|
|a (CaONFJC)MIL112551
|
| 035 |
|
|
|a (OCoLC)437248177
|
| 040 |
|
|
|a MiAaPQ
|c MiAaPQ
|d MiAaPQ
|
| 043 |
|
|
|a d------
|
| 050 |
|
4 |
|a HB849
|b .C59 1976
|
| 082 |
0 |
4 |
|a 301.32/9/1724
|
| 111 |
2 |
|
|a Conference on Population and Economic Change in Less Developed Countries
|d (1976 :
|c Philadelphia, Pa.)
|
| 245 |
1 |
0 |
|a Population and economic change in developing countries
|h [electronic resource] /
|c edited by Richard A. Easterlin.
|
| 260 |
|
|
|a Chicago :
|b University of Chicago Press,
|c 1980.
|
| 300 |
|
|
|a x, 581 p.
|
| 490 |
1 |
|
|a Conference report (Universities--National Bureau Committee for Economic Research) ;
|v no. 30
|
| 500 |
|
|
|a Sponsored by the Universities-National Bureau Committee for Economic Research.
|
| 504 |
|
|
|a Includes bibliographical references and indexes.
|
| 533 |
|
|
|a Electronic reproduction. Ann Arbor, MI : ProQuest, 2015. Available via World Wide Web. Access may be limited to ProQuest affiliated libraries.
|
| 650 |
|
0 |
|a Population
|x Economic aspects
|v Congresses.
|
| 651 |
|
0 |
|a Developing countries
|x Population
|v Congresses.
|
| 655 |
|
4 |
|a Electronic books.
|
| 700 |
1 |
|
|a Easterlin, Richard A.,
|d 1926-
|
| 710 |
2 |
|
|a Universities--National Bureau Committee for Economic Research.
|
| 710 |
2 |
|
|a ProQuest (Firm)
|
| 830 |
|
0 |
|a Conference report (Universities--National Bureau Committee for Economic Research) ;
|v no. 30.
|
| 856 |
4 |
0 |
|u https://ebookcentral.proquest.com/lib/matrademy/detail.action?docID=408412
|z Click to View
|